| 000 | 00585 a2200181 4500 | ||
|---|---|---|---|
| 003 | Nust | ||
| 005 | 20170207153207.0 | ||
| 040 | _cNust | ||
| 082 | _a005.1 | ||
| 100 | _aLatif, Suhail (MSCS-3) | ||
| 245 |
_aC31 System of Air Tactical Planning _cSuhail Latif |
||
| 260 |
_bMCS,NUST _cApril 1998 _aRawalpindi |
||
| 300 |
_a98, p; _billus |
||
| 505 | _aIntroduction (page-1) Background & literature review (page-7) Conceptualization (page-34) Implementation (page-56) Conclusion and recommendations (page-87) | ||
| 538 | _aAlmirah No 73 Shelf No 2 | ||
| 650 | _aPG Theises | ||
| 651 | _aMSCS-3 | ||
| 942 | _cTHS | ||
| 999 |
_c181241 _d181241 |
||